Central Library OPAC University of Rajshahi

The structure and action of proteins / (Record no. 72234)

MARC details
000 -LEADER
fixed length control field 00696nam a2200217 a 4500
001 - CONTROL NUMBER
control field 72234
003 - CONTROL NUMBER IDENTIFIER
rucl marc code BD-RjUL
005 - DATE AND TIME OF LATEST TRANSACTION
control field 20211209082229.0
008 - FIXED-LENGTH DATA ELEMENTS--GENERAL INFORMATION
fixed length control field 840604s1971 xx a 000 0 ger
035 ## - SYSTEM CONTROL NUMBER
System control number (BD-RjUL)72451
040 ## - CATALOGING SOURCE
Original cataloging agency DLC
Transcribing agency CarP
Modifying agency DLC
Language of cataloging eng
041 ## - LANGUAGE CODE
Language code of text/sound track or separate title eng
082 ## - DEWEY DECIMAL CLASSIFICATION NUMBER
Edition number 23
Classification number 572.6
Author mark and year DIS 1969
100 1# - MAIN ENTRY--PERSONAL NAME
Personal name Dickerson, Richard Earl. [from old catalog]
9 (RLIN) 213601
245 10 - TITLE STATEMENT
Title The structure and action of proteins /
Statement of responsibility, etc. Richard Earl Dickerson; Irving Geis
260 ## - PUBLICATION, DISTRIBUTION, ETC. (IMPRINT)
Place of publication, distribution, etc. Weinheim/Bergstrasse :
Name of publisher, distributor, etc. Verlag Chemie,
Date of publication, distribution, etc. 1969
300 ## - PHYSICAL DESCRIPTION
Pagination viii, 120 p. :
Illustrations ill. ;
Size 28 cm.
650 #0 - SUBJECT ADDED ENTRY--TOPICAL TERM
Topical term or geographic name as entry element Proteins.
9 (RLIN) 213602
700 1# - ADDED ENTRY--PERSONAL NAME
Personal name Geis, Irving, [from old catalog]
Relator term joint author.
942 ## - ADDED ENTRY ELEMENTS (KOHA)
Source of classification or shelving scheme Dewey Decimal Classification
Koha item type Books
Holdings
Lost status Source of classification or shelving scheme Damaged status Not for loan Collection code Permanent Location Current Location Shelving location Date acquired Source of acquisition Cost, normal purchase price Total Checkouts Full call number Date last seen Copy number Koha item type
  Dewey Decimal Classification   Not For Loan Non-fiction Central Library, University of Rajshahi Central Library, University of Rajshahi Reading Room 20/05/1977 Heffors 3.90   572.6 DIS 1969 15/05/2017 C-1 Books